| 000 | 01494nam a2200337 a 4500 | ||
|---|---|---|---|
| 001 | 000007137 | ||
| 003 | DO-SdBNP | ||
| 005 | 20240320124424.0 | ||
| 007 | 000007137 | ||
| 008 | 090717s2013 mx 001 0 spa d | ||
| 020 | _z9789681652692 | ||
| 040 |
_aBPMSU _bspa _cBPMSU |
||
| 082 | 4 |
_a972.02 _bL816n 2013 _222 |
|
| 100 | 1 |
_aLockhart, James Marvin. _d1933- |
|
| 245 | 1 | 0 |
_aLos Nahuas después de la conquista : _bhistoria social y cultural de los indios del México central, del siglo XVI al XVIII / _cJames Lockhart ; traducción de Roberto Reyes Mazzoni |
| 260 |
_aMéxico : _bFondo de Cultura Económica ; _c2008 _b |
||
| 300 |
_a717 p. : _bil., mapas ; _c23 cm. |
||
| 490 | 0 | _aSección de obras de historia | |
| 500 | _aIncluye datos biográficos del autor en la solapa de la cubierta | ||
| 500 | _aIncluye bibliografía e índice. | ||
| 504 | _aIncluye referencias bibliográficas y notas al pie de las páginas | ||
| 534 |
_pTítulo original : _tThe nahuas after the conquest. A social and cultural history of the indians of central Mexico, sixteenth through eighteenth centuries. |
||
| 590 | _aInventariado, 2024/VM | ||
| 650 | 4 |
_aNahuas _xVida social y costumbres. |
|
| 650 | 4 |
_aNahuas _xHistoriografía _ySiglos XVI-XVII. |
|
| 650 | 4 |
_aIndígenas de México _xVida social y costumbres. |
|
| 651 | 4 |
_aMéxico _xHistoria _ySiglos XVI-XVIII. |
|
| 710 | 2 | _aFondo de Cultura Económica (México) | |
| 910 | _aVMateo V. Control de calidad BPMSU | ||
| 942 |
_2ddc _cBK |
||
| 999 |
_c14606 _d14606 |
||